000 00624nas a2200229 4500
001 BR8804121
003 BR-BrBNA
005 20231205091223.0
007 ta
008 230509b bl.|||p| |||| 00| 00por d
040 _aBR-BrBNA
_bpor
_cBiblioteca Nacional de Agricultura
041 _a(Pt)
072 _aL72
100 1 _aGoncalves, L.S.
245 1 _aO combate a varroa em todo o mundo
650 _aABELHA
650 _aVARROASE
650 _aACARO
773 0 _tApicultura no Brasil (Brazil)
_x
_g(Mar-Apr 1987), v. 4(19) p. 31-35
_wBR8804121
909 _a202311
_bLúcia
_c55
_dLúcia Elande
942 _2AGRIS
_n0
_cANA
999 _c123654
_d123654